000 00564 a2200157 4500
005 20250715060538.0
020 _a978-9987-753-30-7
082 _a336.2 ONG
100 _aONGWAMUHANA, K.
245 _aTax dispute resolution: Amanual for the tax practitioner
260 _aDar es Salaam,
_bMkuki na nyota,
_c2015.
300 _axiv. 202p.; figure, table.
_c23cm.
700 _aKILEO, A. & MUKEBEZI, W. & GONDWE, S.
856 _yAccess online book
_fTax dispute resolution: Amanual for the tax practitioner
_dwww.africanbookscollective.com
942 _2ddc
_cBKS
999 _c6723
_d6723